000
00290nam a22001337a 4500
020
_a
978-9-351-03775-0
082
_a
920
_b
VEN/S
100
_a
VENEZIA, MIKE
245
_a
STEPHEN HAWKING
260
_a
NEW YORK
_b
SCHOLASTIC
_c
2015
300
_a
32
650
_a
BIOGRAPHY
_z
INDIA
942
_c
BK
999
_c
5872
_d
5872